[Event "Minsk Amateur op"]
[Site "Minsk"]
[Date "2018.06.30"]
[Round "8"]
[White "Stroganova, Karina"]
[Black "Gavrjuchenkova, Angelina"]
[Result "1-0"]
[WhiteElo "1662"]
[BlackElo "1924"]
[PlyCount "85"]
[EventDate "2018.06.25"]
[EventType "swiss"]
[EventRounds "9"]
[EventCountry "BLR"]
[SourceTitle "CBM 185 Extra"]
[Source "ChessBase"]
[SourceDate "2018.07.29"]
[SourceVersion "1"]
[SourceVersionDate "2018.07.29"]
[SourceQuality "1"]

1. d4 d5 2. c4 dxc4 3. e3 e5 4. d5 Nf6 5. Bxc4 c6 6. Nc3 Bb4 7. Bd2 Bxc3 8. Bxc3 cxd5 9. Bb5+ Bd7 10. Qb3 Bxb5 11. Qxb5+ Qd7 12. Qb3 Nc6 13. Nf3 e4 14. Nd4 Ne5 15. 0-0 0-0 16. Ne2 Nd3 17. Bxf6 gxf6 18. Nc3 Rad8 19. Rad1 Kh8 20. Ne2 Rg8 21. Nf4 Nxf4 22. exf4 Qg4 23. g3 d4 24. Qxb7 Qxf4 25. Rde1 Rde8 26. Qxf7 e3 27. Qxe8 Qf3 28. Qe6 a5 29. fxe3 Rxg3+ 30. hxg3 Qxg3+ 31. Kh1 Qh4+ 32. Kg2 Qg5+ 33. Kh2 Qh5+ 34. Kg2 Qg5+ 35. Kf2 dxe3+ 36. Qxe3 Qh4+ 37. Ke2 Qc4+ 38. Kd1 Qxa2 39. Qe8+ Kg7 40. Rg1+ Kh6 41. Qf8+ Kh5 42. Qc5+ Kh6 43. Qe3+ 1-0

[Event "Minsk rapid op3"]
[Site "Minsk"]
[Date "2018.06.29"]
[Round "1"]
[White "Ianov, Viktor"]
[Black "Gavrjuchenkova, Angelina"]
[Result "1-0"]
[WhiteElo "2328"]
[BlackElo "1901"]
[PlyCount "73"]
[EventDate "2018.06.29"]
[EventType "swiss (rapid)"]
[EventRounds "9"]
[EventCountry "BLR"]
[SourceTitle "EXT 2021"]
[Source "ChessBase"]
[SourceDate "2020.10.23"]
[SourceVersion "1"]
[SourceVersionDate "2020.10.23"]
[SourceQuality "1"]

1. Nf3 Nf6 2. g3 g6 3. b3 Bg7 4. Bb2 0-0 5. Bg2 c6 6. c4 d5 7. 0-0 Bf5 8. d3 Qd7 9. Re1 Bh3 10. Bh1 a5 11. Nc3 Na6 12. Na4 Qc7 13. Be5 Qd8 14. Qd2 Nc7 15. Rac1 b5 16. Bxc7 Qxc7 17. cxb5 Qd6 18. Rxc6 Qb4 19. Qxb4 axb4 20. Rec1 Rab8 21. b6 Nd7 22. Ng5 Bg4 23. Kf1 h6 24. h3 Bf5 25. g4 Bxg4 26. hxg4 hxg5 27. Bxd5 Ne5 28. Rc7 Nxg4 29. Rxe7 Nf6 30. Bg2 Rfc8 31. Rec7 Re8 32. b7 Ng4 33. Rc8 Nh6 34. Rxe8+ Rxe8 35. Rc8 Be5 36. Rxe8+ Kg7 37. Rxe5 1-0

[Event "Minsk rapid op2"]
[Site "Minsk"]
[Date "2018.06.27"]
[Round "1"]
[White "Gavrjuchenkova, Angelina"]
[Black "Bykovskiy, Oleg"]
[Result "0-1"]
[WhiteElo "1901"]
[BlackElo "2323"]
[PlyCount "58"]
[EventDate "2018.06.27"]
[EventType "swiss (rapid)"]
[EventRounds "9"]
[EventCountry "BLR"]
[SourceTitle "EXT 2021"]
[Source "ChessBase"]
[SourceDate "2020.10.23"]
[SourceVersion "1"]
[SourceVersionDate "2020.10.23"]
[SourceQuality "1"]

1. e4 b6 2. Nf3 Bb7 3. Nc3 e6 4. d4 Bb4 5. Bd3 Nf6 6. Nd2 d5 7. e5 Ne4 8. Ndxe4 dxe4 9. Bc4 c5 10. dxc5 Qxd1+ 11. Kxd1 Bxc5 12. Be3 Bxe3 13. fxe3 0-0 14. Ke2 Nd7 15. h4 Nxe5 16. Bb3 Rfd8 17. h5 Ba6+ 18. Ke1 Ng4 19. Nd1 Rd6 20. Rh4 f5 21. h6 gxh6 22. a4 Rad8 23. a5 bxa5 24. g3 Kg7 25. Ba2 Rd2 26. Bb3 Re2+ 27. Kf1 Rf2+ 28. Kg1 Rf1+ 29. Kg2 Rd2+ 0-1

[Event "Minsk Amateur op"]
[Site "Minsk"]
[Date "2018.06.26"]
[Round "2"]
[White "Piatrenko, Ivan"]
[Black "Gavrjuchenkova, Angelina"]
[Result "0-1"]
[WhiteElo "1114"]
[BlackElo "1924"]
[PlyCount "86"]
[EventDate "2018.06.25"]
[EventType "swiss"]
[EventRounds "9"]
[EventCountry "BLR"]
[SourceTitle "CBM 185 Extra"]
[Source "ChessBase"]
[SourceDate "2018.07.29"]
[SourceVersion "1"]
[SourceVersionDate "2018.07.29"]
[SourceQuality "1"]

1. d4 d5 2. Bf4 Nf6 3. e3 Bg4 4. Nf3 e6 5. Nbd2 Nbd7 6. Be2 Be7 7. 0-0 0-0 8. c3 c5 9. Bd3 Qb6 10. Rb1 Qc6 11. Qe1 Ne4 12. Bxe4 dxe4 13. Ne5 Nxe5 14. Bxe5 Bf5 15. Qe2 b5 16. Rfc1 a6 17. c4 f6 18. Bg3 cxd4 19. cxb5 Qxb5 20. Qc4 Qxc4 21. Rxc4 d3 22. Rbc1 Rfd8 23. h3 e5 24. a3 Rab8 25. b4 a5 26. f3 exf3 27. gxf3 axb4 28. axb4 Bxb4 29. Rd1 Bxd2 30. Rxd2 Bxh3 31. Rc3 Rb1+ 32. Kh2 Bf5 33. e4 Be6 34. Rcxd3 Rxd3 35. Rxd3 Rb2+ 36. Kg1 Rb3 37. Rd8+ Kf7 38. Kf2 g5 39. Rd2 h5 40. Kg2 h4 41. Bf2 h3+ 42. Kh2 Rxf3 43. Bg3 Re3 0-1

[Event "Moscow-ch U18"]
[Site "Moscow"]
[Date "2010.11.25"]
[Round "3"]
[White "Gavrjuchenkova, Angelina"]
[Black "Kuprijanov, Anatoly"]
[Result "0-1"]
[WhiteElo "1915"]
[BlackElo "2000"]
[PlyCount "66"]
[EventDate "2010.11.21"]
[EventType "swiss"]
[EventRounds "9"]
[EventCountry "RUS"]
[SourceTitle "EXT 2012"]
[Source "ChessBase"]
[SourceDate "2011.11.24"]
[SourceVersion "1"]
[SourceVersionDate "2011.11.24"]
[SourceQuality "1"]

1. e4 c6 2. d4 d5 3. e5 Bf5 4. Nc3 e6 5. g4 Bg6 6. Nge2 c5 7. Be3 Nc6 8. a3 f6 9. Nf4 Bf7 10. exf6 Nxf6 11. Bb5 Nd7 12. Qd2 cxd4 13. Bxd4 e5 14. Bxc6 bxc6 15. 0-0-0 Be7 16. Bxe5 Nxe5 17. Qe2 Ng6 18. Nxg6 hxg6 19. Rhe1 Kf8 20. f4 Bf6 21. Qd2 Qa5 22. Qf2 Bxc3 23. bxc3 Qxa3+ 24. Kd2 Rh3 25. Re3 Rxe3 26. Qxe3 Re8 27. Qf2 Qe7 28. h4 d4 29. cxd4 Qb4+ 30. Kc1 Bc4 31. Rh1 Re2 32. Qg3 Qd2+ 33. Kb1 Qxc2+ 0-1

[Event "RSSU-18 op"]
[Site "Moscow"]
[Date "2009.10.27"]
[Round "7"]
[White "Dubrovin, Anatoly"]
[Black "Gavrjuchenkova, Angelina"]
[Result "1-0"]
[WhiteElo "1994"]
[BlackElo "1953"]
[PlyCount "79"]
[EventDate "2009.10.17"]
[EventType "swiss"]
[EventRounds "9"]
[EventCountry "RUS"]
[SourceTitle "EXT 2022"]
[Source "ChessBase"]
[SourceDate "2021.10.06"]
[SourceVersion "1"]
[SourceVersionDate "2021.10.06"]
[SourceQuality "1"]

1. e4 c5 2. Nf3 d6 3. d4 cxd4 4. Nxd4 Nf6 5. Bd3 g6 6. c4 Bg7 7. Nc3 Nc6 8. Nde2 0-0 9. 0-0 Ne5 10. b3 Bd7 11. Be3 Nxd3 12. Qxd3 a5 13. a4 Qc7 14. f3 Be6 15. Rad1 Nd7 16. Nb5 Qc8 17. Rb1 Nc5 18. Qd2 Bd7 19. Nec3 Bxb5 20. Nxb5 Ra6 21. Qd5 Rd8 22. Rfd1 Ra8 23. Qg5 Bf6 24. Qg3 Bg7 25. Bd4 Bxd4+ 26. Rxd4 Qc6 27. h4 h5 28. Rd5 Kh7 29. Qg5 Re8 30. Qf4 Rf8 31. e5 Ne6 32. Qe4 dxe5 33. Qxe5 Rad8 34. Rbd1 Rxd5 35. Rxd5 Qb6+ 36. Kh2 Rd8 37. Qe4 Kg7 38. Kg3 Rxd5 39. cxd5 Nc7 40. Qe5+ 1-0

[Event "RSSU-18 op"]
[Site "Moscow"]
[Date "2009.10.17"]
[Round "1"]
[White "Chizhikov, Vladislav"]
[Black "Gavrjuchenkova, Angelina"]
[Result "1-0"]
[WhiteElo "2223"]
[BlackElo "1953"]
[PlyCount "59"]
[EventDate "2009.10.17"]
[EventType "swiss"]
[EventRounds "9"]
[EventCountry "RUS"]
[SourceTitle "EXT 2022"]
[Source "ChessBase"]
[SourceDate "2021.10.06"]
[SourceVersion "1"]
[SourceVersionDate "2021.10.06"]
[SourceQuality "1"]

1. e4 e5 2. Nf3 Nc6 3. Bb5 g6 4. d3 Bg7 5. Nbd2 Nge7 6. h4 d6 7. h5 Be6 8. Ng5 Qd7 9. Nxe6 Qxe6 10. Bc4 d5 11. exd5 Nxd5 12. Ne4 0-0-0 13. b4 Ncxb4 14. Rb1 Qe8 15. c3 f5 16. Nc5 Nxc3 17. Qb3 Nxb1 18. Qxb4 Qc6 19. Ne6 Rxd3 20. 0-0 Rd7 21. Nxg7 Rxg7 22. Bh6 Rd7 23. Bb5 Rd4 24. Qxd4 Qxb5 25. Qxa7 Re8 26. Rd1 c5 27. Bg7 c4 28. a4 Qc6 29. Bxe5 Rxe5 30. Qa8+ 1-0

[Event "RUS-chT Clubs U18"]
[Site "Rybinsk"]
[Date "2009.08.08"]
[Round "7"]
[White "Vasenina, Anna"]
[Black "Gavrjuchenkova, Angelina"]
[Result "1-0"]
[WhiteElo "1750"]
[BlackElo "1942"]
[PlyCount "63"]
[EventDate "2009.08.02"]
[EventType "team-swiss"]
[EventRounds "9"]
[EventCountry "RUS"]
[SourceTitle "CBM 131 Extra"]
[Source "ChessBase"]
[SourceDate "2009.09.03"]
[SourceVersion "2"]
[SourceVersionDate "2009.09.16"]
[SourceQuality "1"]

1. e4 e5 2. Nf3 Nc6 3. Bc4 Bc5 4. c3 Nf6 5. d4 exd4 6. e5 d5 7. Bb5 Ne4 8. cxd4 Bb6 9. Be3 0-0 10. Nc3 Bg4 11. h3 Bxf3 12. gxf3 Nxc3 13. bxc3 Qh4 14. Qd2 f6 15. f4 Ba5 16. a4 Rab8 17. Be2 a6 18. Bf3 Ne7 19. Ke2 c6 20. Rag1 Nf5 21. Rg4 Qh6 22. Rhg1 Kh8 23. Qd3 Nxe3 24. fxe3 fxe5 25. dxe5 Rf7 26. Rg5 Qe6 27. Rh5 h6 28. Rg6 Qe7 29. Bg4 Qc7 30. Be6 Re7 31. Qf5 Kh7 32. Rgxh6# 1-0

[Event "RUS-chT Clubs U18"]
[Site "Rybinsk"]
[Date "2009.08.06"]
[Round "5"]
[White "Makarenko, Alexandra"]
[Black "Gavrjuchenkova, Angelina"]
[Result "1/2-1/2"]
[WhiteElo "1970"]
[BlackElo "1942"]
[PlyCount "92"]
[EventDate "2009.08.02"]
[EventType "team-swiss"]
[EventRounds "9"]
[EventCountry "RUS"]
[SourceTitle "CBM 131 Extra"]
[Source "ChessBase"]
[SourceDate "2009.09.03"]
[SourceVersion "2"]
[SourceVersionDate "2009.09.16"]
[SourceQuality "1"]

1. e4 e5 2. Nf3 Nc6 3. Bb5 g6 4. d4 exd4 5. Nxd4 Bg7 6. Be3 Nf6 7. Nc3 0-0 8. f3 Ne7 9. Qd2 c6 10. Be2 d5 11. e5 Nd7 12. e6 Ne5 13. f4 Nc4 14. Bxc4 dxc4 15. exf7+ Rxf7 16. 0-0-0 Nf5 17. Nxf5 Qxd2+ 18. Rxd2 Bxf5 19. Bd4 Bh6 20. Rf2 g5 21. g4 Bxg4 22. Rg1 Bf5 23. fxg5 Bg7 24. Bxg7 Kxg7 25. Rd1 Raf8 26. Rf4 Be6 27. Re4 Bc8 28. Rxc4 Rf2 29. h4 R2f4 30. Rcd4 Bg4 31. Rxf4 Rxf4 32. Rd8 Rf1+ 33. Kd2 Rf2+ 34. Kc1 Rf1+ 35. Kd2 Rf2+ 36. Ke3 Rxc2 37. Kf4 Be6 38. h5 Rxb2 39. h6+ Kf7 40. Rh8 Kg6 41. Ke5 Bxa2 42. Nxa2 Kxg5 43. Rxh7 Rxa2 44. Rxb7 Kxh6 45. Kd6 a5 46. Ra7 a4 1/2-1/2

[Event "RUS-chT Clubs U18"]
[Site "Rybinsk"]
[Date "2009.08.03"]
[Round "2"]
[White "Gavrjuchenkova, Angelina"]
[Black "Zavialova, Ekaterina"]
[Result "1-0"]
[WhiteElo "1942"]
[BlackElo "1785"]
[PlyCount "61"]
[EventDate "2009.08.02"]
[EventType "team-swiss"]
[EventRounds "9"]
[EventCountry "RUS"]
[SourceTitle "CBM 131 Extra"]
[Source "ChessBase"]
[SourceDate "2009.09.03"]
[SourceVersion "2"]
[SourceVersionDate "2009.09.16"]
[SourceQuality "1"]

1. e4 c5 2. Nc3 Nc6 3. g3 g6 4. Bg2 Bg7 5. d3 d6 6. f4 e6 7. Nf3 Nge7 8. 0-0 0-0 9. g4 Rb8 10. Ne2 b5 11. c3 f5 12. h3 Kh8 13. Qe1 b4 14. Qh4 Bf6 15. Ng5 Bxg5 16. Qxg5 Ng8 17. exf5 Nce7 18. fxg6 Nxg6 19. Qxd8 Rxd8 20. Bd2 Ba6 21. c4 N8e7 22. b3 Nh4 23. Bh1 Nhg6 24. Ng3 d5 25. Bc1 d4 26. Bd2 Bb7 27. Rae1 Bxh1 28. Kxh1 Rb6 29. f5 Nf8 30. Bg5 Re8 31. f6 1-0

[Event "Rybinsk op"]
[Site "Rybinsk"]
[Date "2009.06.16"]
[Round "5"]
[White "Mikhailov, Viacheslav"]
[Black "Gavrjuchenkova, Angelina"]
[Result "1/2-1/2"]
[WhiteElo "2131"]
[BlackElo "1921"]
[PlyCount "110"]
[EventDate "2009.06.14"]
[EventType "swiss"]
[EventRounds "9"]
[EventCountry "RUS"]
[SourceTitle "CBM 131 Extra"]
[Source "ChessBase"]
[SourceDate "2009.09.03"]
[SourceVersion "2"]
[SourceVersionDate "2009.09.16"]
[SourceQuality "1"]

1. e4 c5 2. Nf3 d6 3. Bb5+ Bd7 4. Bxd7+ Nxd7 5. c4 g6 6. d4 Bg7 7. 0-0 Qb6 8. dxc5 Nxc5 9. Qc2 Nf6 10. Nc3 0-0 11. Be3 Qc6 12. Nd4 Qc8 13. f3 Ne6 14. Nxe6 Qxe6 15. Nb5 Rfc8 16. b3 a6 17. Nd4 Qd7 18. Qd2 Qc7 19. Rac1 Nd7 20. Rfd1 Ne5 21. Ne2 Rd8 22. Nc3 e6 23. Na4 Qe7 24. Bb6 Rd7 25. Bd4 Rdd8 26. Nb6 Rab8 27. Qc3 Bh6 28. Rc2 Nd7 29. Nxd7 Rxd7 30. Bf6 Qf8 31. e5 Rc8 32. g4 d5 33. g5 Bg7 34. Rd4 Rdc7 35. Qa5 Bxf6 36. gxf6 Qh6 37. Qd2 Qh5 38. Qf4 b5 39. Rcd2 bxc4 40. bxc4 g5 41. Qe4 Rd8 42. Kg2 Rcd7 43. cxd5 exd5 44. Rxd5 Rxd5 45. Rxd5 Rxd5 46. Qxd5 h6 47. Qa8+ Kh7 48. Qe4+ Kh8 49. Qf5 Qh4 50. e6 Qc4 51. Kg3 Qh4+ 52. Kg2 Qc4 53. Qh3 Qe2+ 54. Kg3 Qe1+ 55. Kg2 Qe2+ 1/2-1/2

[Event "RUS-chB U18"]
[Site "Dagomys"]
[Date "2009.04.23"]
[Round "9"]
[White "Gavrjuchenkova, Angelina"]
[Black "Khobotova, Olesia"]
[Result "1-0"]
[WhiteElo "1921"]
[BlackElo "1978"]
[PlyCount "83"]
[EventDate "2009.04.15"]
[EventType "swiss"]
[EventRounds "9"]
[EventCountry "RUS"]
[SourceTitle "EXT 2010"]
[Source "ChessBase"]
[SourceDate "2010.11.25"]
[SourceVersion "1"]
[SourceVersionDate "2010.11.25"]
[SourceQuality "1"]

1. e4 d5 2. exd5 Qxd5 3. Nc3 Qd6 4. d4 Nf6 5. Nf3 a6 6. g3 Bg4 7. Bg2 Nc6 8. 0-0 0-0-0 9. d5 Nxd5 10. Nxd5 Qxd5 11. Qxd5 Rxd5 12. Ng5 Rc5 13. Nxf7 Rg8 14. Be3 Rb5 15. a4 Rxb2 16. Bd5 e6 17. Bb3 Na5 18. Ra2 Rxa2 19. Bxa2 h6 20. f3 Bf5 21. g4 Bxc2 22. Bxe6+ Kb8 23. Rc1 Bh7 24. Ne5 Rh8 25. Nf7 Rg8 26. Ne5 Ba3 27. Nd7+ Ka8 28. Rxc7 Re8 29. Kf2 Bd6 30. Nb6+ Kb8 31. Rxg7 Rxe6 32. Rxh7 Bxh2 33. Rxh6 Bg1+ 34. Kxg1 Rxe3 35. Rh8+ Ka7 36. Nc8+ Kb8 37. Nb6+ Ka7 38. Nc8+ Kb8 39. Kf2 Ra3 40. g5 Rd3 41. g6 Rd7 42. Nb6+ 1-0

[Event "Moscow op (Women)"]
[Site "Moscow"]
[Date "2009.02.06"]
[Round "7"]
[White "Gavrjuchenkova, Angelina"]
[Black "Chernichenko, Olga"]
[Result "1/2-1/2"]
[WhiteElo "1934"]
[BlackElo "1400"]
[PlyCount "78"]
[EventDate "2009.01.31"]
[EventType "swiss"]
[EventRounds "9"]
[EventCountry "RUS"]
[SourceTitle "EXT 2012"]
[Source "ChessBase"]
[SourceDate "2011.11.24"]
[SourceVersion "1"]
[SourceVersionDate "2011.11.24"]
[SourceQuality "1"]

1. e4 e6 2. d4 d5 3. e5 c5 4. c3 Nc6 5. Nf3 Bd7 6. Be2 Nge7 7. Na3 Nf5 8. Nc2 cxd4 9. cxd4 Nh4 10. 0-0 Nxf3+ 11. gxf3 f5 12. Kh1 Be7 13. Rg1 g6 14. Bh6 Qb6 15. b4 a6 16. Qd2 Kf7 17. Bg5 Qd8 18. a3 Rc8 19. Rac1 Na7 20. Rg2 Bxg5 21. Rxg5 h6 22. Rg2 Qh4 23. Rcg1 g5 24. Ne3 Bb5 25. Bd1 Bc4 26. a4 b5 27. a5 Nc6 28. Nxc4 bxc4 29. f4 Qxf4 30. Qxf4 gxf4 31. Rg7+ Ke8 32. Ba4 Kf8 33. Bxc6 Rxc6 34. Ra7 Rc8 35. Rgg7 Ke8 36. Rge7+ Kf8 37. Rf7+ Ke8 38. Rfe7+ Kf8 39. Rf7+ Ke8 1/2-1/2

[Event "Moscow op (Women)"]
[Site "Moscow"]
[Date "2009.02.03"]
[Round "4"]
[White "Martynenko, Anastasia"]
[Black "Gavrjuchenkova, Angelina"]
[Result "0-1"]
[WhiteElo "1400"]
[BlackElo "1934"]
[PlyCount "50"]
[EventDate "2009.01.31"]
[EventType "swiss"]
[EventRounds "9"]
[EventCountry "RUS"]
[SourceTitle "EXT 2012"]
[Source "ChessBase"]
[SourceDate "2011.11.24"]
[SourceVersion "1"]
[SourceVersionDate "2011.11.24"]
[SourceQuality "1"]

1. c4 Nf6 2. d4 g6 3. Nc3 Bg7 4. g3 0-0 5. Bg2 d6 6. Nf3 Nbd7 7. 0-0 c5 8. e3 Rb8 9. b3 a6 10. Bb2 b5 11. cxb5 axb5 12. Qd2 Bb7 13. dxc5 Nxc5 14. Rfc1 b4 15. Ne2 Nfe4 16. Qc2 Bxb2 17. Qxb2 Nd3 18. Qd4 Nxc1 19. Rxc1 Qa5 20. Ne1 Nc5 21. Bxb7 Rxb7 22. Rc2 Rc7 23. Nf4 e5 24. Qxd6 exf4 25. Qxf4 Rcc8 0-1

[Event "Moscow op (Women)"]
[Site "Moscow"]
[Date "2009.02.02"]
[Round "3"]
[White "Gavrjuchenkova, Angelina"]
[Black "Murashova, Ekaterina"]
[Result "0-1"]
[WhiteElo "1934"]
[BlackElo "2261"]
[PlyCount "80"]
[EventDate "2009.01.31"]
[EventType "swiss"]
[EventRounds "9"]
[EventCountry "RUS"]
[SourceTitle "EXT 2012"]
[Source "ChessBase"]
[SourceDate "2011.11.24"]
[SourceVersion "1"]
[SourceVersionDate "2011.11.24"]
[SourceQuality "1"]

1. e4 c5 2. Nc3 Nc6 3. g3 g6 4. Bg2 Bg7 5. d3 d6 6. f4 Nf6 7. Nge2 0-0 8. 0-0 Rb8 9. h3 Nd7 10. f5 b5 11. a3 a5 12. Bg5 b4 13. axb4 axb4 14. Na4 Nd4 15. c3 Nxe2+ 16. Qxe2 Ba6 17. Qd2 Bb5 18. Rf2 Ra8 19. Qd1 Bxa4 20. Rxa4 Rxa4 21. Qxa4 bxc3 22. bxc3 Bxc3 23. Kh2 Bd4 24. Rf1 Kg7 25. Qa7 f6 26. Bd2 Ne5 27. Rd1 Qd7 28. Qxd7 Nxd7 29. Bf4 g5 30. Bd2 Rb8 31. h4 Ne5 32. Kh1 Nxd3 33. Be3 Nb2 34. Re1 Bxe3 35. Rxe3 Nc4 36. Rc3 Rb1+ 37. Kh2 Ne5 38. Kh3 c4 39. hxg5 fxg5 40. g4 Rb3 0-1

[Event "Moscow op (Women)"]
[Site "Moscow"]
[Date "2009.02.01"]
[Round "2"]
[White "Yakimova, Taisia V"]
[Black "Gavrjuchenkova, Angelina"]
[Result "0-1"]
[WhiteElo "1529"]
[BlackElo "1934"]
[PlyCount "42"]
[EventDate "2009.01.31"]
[EventType "swiss"]
[EventRounds "9"]
[EventCountry "RUS"]
[SourceTitle "EXT 2012"]
[Source "ChessBase"]
[SourceDate "2011.11.24"]
[SourceVersion "1"]
[SourceVersionDate "2011.11.24"]
[SourceQuality "1"]

1. Nf3 Nf6 2. c4 g6 3. d3 Bg7 4. Nbd2 0-0 5. Rb1 d5 6. b3 e5 7. cxd5 Qxd5 8. e4 Qc5 9. h3 Nh5 10. Nc4 f5 11. b4 Qc6 12. Bb2 fxe4 13. Ncxe5 Qd6 14. Qb3+ Be6 15. Qc2 exf3 16. Nxf3 Qxb4+ 17. Nd2 Qe7 18. Be2 Nf4 19. Kf1 Bxb2 20. Rxb2 Nxe2 21. Nf3 Nf4 0-1

[Event "Dubna op"]
[Site "Dubna"]
[Date "2007.08.08"]
[Round "8"]
[White "Mamedov, Elmin"]
[Black "Gavrjuchenkova, Angelina"]
[Result "1/2-1/2"]
[WhiteElo "1840"]
[BlackElo "1947"]
[PlyCount "40"]
[EventDate "2007.08.02"]
[EventType "swiss"]
[EventRounds "14"]
[EventCountry "RUS"]
[SourceTitle "EXT 2008"]
[Source "ChessBase"]
[SourceDate "2007.11.25"]
[SourceVersion "1"]
[SourceVersionDate "2007.11.25"]
[SourceQuality "1"]

1. e4 c5 2. Nf3 d6 3. d4 cxd4 4. Nxd4 Nf6 5. Nc3 g6 6. Be3 Bg7 7. f3 0-0 8. Bc4 Nc6 9. Nxc6 bxc6 10. 0-0 Qa5 11. Rf2 Rb8 12. Bb3 Be6 13. Qc1 Rfe8 14. Bd2 Qb6 15. Be3 Qa5 16. Bd2 Qc7 17. Be3 Qa5 18. Bd2 Qb6 19. Be3 Qa5 20. Bd2 Qb6 1/2-1/2

[Event "Dubna op"]
[Site "Dubna"]
[Date "2007.08.04"]
[Round "1"]
[White "Gavrjuchenkova, Angelina"]
[Black "Nozdrachev, Leonid"]
[Result "0-1"]
[WhiteElo "1947"]
[BlackElo "2195"]
[PlyCount "40"]
[EventDate "2007.08.02"]
[EventType "swiss"]
[EventRounds "14"]
[EventCountry "RUS"]
[SourceTitle "EXT 2008"]
[Source "ChessBase"]
[SourceDate "2007.11.25"]
[SourceVersion "1"]
[SourceVersionDate "2007.11.25"]
[SourceQuality "1"]

1. e4 c5 2. Nf3 d6 3. d4 Nf6 4. Nc3 cxd4 5. Nxd4 g6 6. Be3 Bg7 7. f3 0-0 8. Qd2 Nc6 9. Bc4 Nxd4 10. Bxd4 Be6 11. Bxe6 fxe6 12. 0-0-0 Qa5 13. h4 Rac8 14. h5 Rc4 15. hxg6 hxg6 16. Be3 Nh5 17. Kb1 Rxc3 18. g4 Ng3 19. Bd4 Nxh1 20. Rxh1 Rcxf3 0-1